Family, intimacy, and homicide: A macro-social approach

Guardado en:  
Detalles Bibliográficos
Autores principales: Parker, Robert Nash (Autor) ; Toth, Allison M. (Autor)
Tipo de documento: Print Artículo
Lenguaje:Inglés
Publicado: 1990
En: Violence and victims
Año: 1990, Volumen: 5, Número: 3, Páginas: 195-210
Verificar disponibilidad: HBZ Gateway

MARC

LEADER 00000caa a22000002c 4500
001 1912555484
003 DE-627
005 20250127054947.0
007 tu
008 241217s1990 xx ||||| 00| ||eng c
035 |a (DE-627)1912555484 
035 |a (DE-599)KXP1912555484 
040 |a DE-627  |b ger  |c DE-627  |e rda 
041 |a eng 
084 |a 2,1  |2 ssgn 
100 1 |a Parker, Robert Nash  |e VerfasserIn  |0 (DE-588)1158312407  |0 (DE-627)1020473088  |0 (DE-576)503751715  |4 aut 
109 |a Parker, Robert Nash  |a Nash Parker, Robert  |a Nash-Parker, Robert 
245 1 0 |a Family, intimacy, and homicide: A macro-social approach 
264 1 |c 1990 
336 |a Text  |b txt  |2 rdacontent 
337 |a ohne Hilfsmittel zu benutzen  |b n  |2 rdamedia 
338 |a Band  |b nc  |2 rdacarrier 
700 1 |a Toth, Allison M.  |e VerfasserIn  |4 aut 
773 0 8 |i Enthalten in  |t Violence and victims  |d New York, NY : Springer Publishing Company, 1986  |g 5(1990), 3, Seite 195-210  |w (DE-627)168134187  |w (DE-600)639280-5  |w (DE-576)022914234  |x 0886-6708  |7 nnas 
773 1 8 |g volume:5  |g year:1990  |g number:3  |g pages:195-210 
935 |a mkri 
951 |a AR 
ELC |b 1 
LOK |0 000 xxxxxcx a22 zn 4500 
LOK |0 001 4637520983 
LOK |0 003 DE-627 
LOK |0 004 1912555484 
LOK |0 005 20241217044455 
LOK |0 008 241217||||||||||||||||ger||||||| 
LOK |0 035   |a (DE-2619)ICPSR23904 
LOK |0 040   |a DE-2619  |c DE-627  |d DE-2619 
LOK |0 092   |o n 
LOK |0 852   |a DE-2619 
LOK |0 852 1  |9 00 
LOK |0 935   |a nacp 
LOK |0 939   |a 17-12-24  |b l01 
ORI |a SA-MARC-krimdoka001.raw